Dance styles - Statistics

General Stats
  • This quiz has been taken 74 times
  • The average score is 5 of 8
Answer Stats
Answer % Correct
Hip hop
92%
Jazz
90%
Ballet
86%
Contemporary
64%
Tap
64%
Lyrical
63%
Acro
42%
Musical theater
22%
No matching quizzes found
Score Distribution
Percent of People with Each Score
Percentile by Number Answered
Your Score History
You have not taken this quiz